|
|
|
|
| LEADER |
00000cam a2200000 7i4500 |
| 001 |
0000038464 |
| 005 |
20131113.0 |
| 008 |
131113 |
| 020 |
|
|
|a 9833710934
|
| 090 |
0 |
0 |
|a 297.44
|b ALI
|
| 100 |
1 |
|
|a Ali Mohamed
|
| 245 |
1 |
0 |
|a Kunci memahami tasawuf
|c Ust.Hj Ali Hj Mohamed
|
| 260 |
|
|
|a Selangor :
|b Masterpiece Publication Sdn Bhd ,
|c 2006
|
| 650 |
|
0 |
|a Religious life Islam
|
| 650 |
|
0 |
|a Sufism
|
| 999 |
|
|
|a 0001021099
|b Book
|c Adult Collection
|e Perbadanan Perpustakaan Awam Johor
|
| 999 |
|
|
|a 0001021100
|b Book
|c Adult Collection
|e Perbadanan Perpustakaan Awam Johor
|
| 999 |
|
|
|a 0001021101
|b Book
|c Adult Collection
|e Perbadanan Perpustakaan Awam Johor
|